000 00729nam a2200253Ia 4500
003 OSt
005 20221006143011.0
006 a|||||r|||| 00| 0
007 ta
008 221006b |||||||| |||| 00| 0 eng d
020 _c¥600(each)
024 _a7,766
037 _bGift, Japan Foundation
_cTextual
040 _aEASL
_cEASL
_beng
041 _2eng
_aeng
082 _aY:5-6.42.N7, L3-;1
100 _aKURODA Toshio
_9132035
245 0 _aJapan's changing population structure
260 _aJapan
_bMinistry of Foreign Affairs Japan
_c1973
300 _a95p.
_ccm.
490 _v JEL
942 _hY:5-6.42.N7, L3-;1
_cTEXL
_2CC
999 _c1075852
_d1075852